L'élaboration d'un droit international de la concurrence entre les entreprises

Đã lưu trong:
Sonraí Bibleagrafaíochta
Príomhúdar: Nicolas Ligneul
Formáid: Leabhar
Teanga:Undetermined
Foilsithe: Bruxelles Bruylant 2001
Ábhair:
Clibeanna: Cuir Clib Leis
Gan Chlibeanna, Bí ar an gcéad duine leis an taifead seo a chlibeáil!
Thư viện lưu trữ: Trung tâm Học liệu Trường Đại học Cần Thơ
LEADER 00516nam a2200181Ia 4500
001 CTU_73042
008 210402s9999 xx 000 0 und d
082 |a 341.75 
082 |b L725 
100 |a Nicolas Ligneul 
245 0 |a L'élaboration d'un droit international de la concurrence entre les entreprises 
245 0 |c Nicolas Ligneul 
260 |a Bruxelles 
260 |b Bruylant 
260 |c 2001 
650 |a international law 
904 |i Minh 
980 |a Trung tâm Học liệu Trường Đại học Cần Thơ